<The> Formation of Resource Allocation Strategy of the Firm and the Underlying Performance Related Mechanisms <An> Empirical Study of Finnish Consumer Goods Trade

Enregistré dans:
Détails bibliographiques
Auteur principal: Lehti, Matti
Format: Livre
Langue:anglais
Publié: Helsinki School of Economics and Business Administration 1990
Édition:1. ed.
Tags: Ajouter un tag
Pas de tags, Soyez le premier à ajouter un tag!

MARC

LEADER 00000nam a2200000 4500
001 c026173
005 20221206122430.1
041 0 |a eng 
044 |a FI 
245 1 0 |a <The> Formation of Resource Allocation Strategy of the Firm and the Underlying Performance Related Mechanisms  |b <An> Empirical Study of Finnish Consumer Goods Trade  |c Matti Lehti 
250 |a 1. ed. 
264 1 |a Helsinki  |b School of Economics and Business Administration  |c 1990 
300 |a 207 s. 
100 1 |a Lehti, Matti